[Event "Cto Aragón Ajedrez Equipos DH Gr I"]
[Site "Aragon"]
[Date "2015.02.28"]
[Round "6.10"]
[White "Martin Catalan, Juan Vicente"]
[Black "Roche Simon, Manuel Angel"]
[Result "1/2-1/2"]
[WhiteElo "2087"]
[BlackElo "2144"]
[PlyCount "101"]
[EventDate "2015.01.24"]
[WhiteTeam "Teruel"]
[BlackTeam "Delicias"]

1. d4 d5 2. Nf3 Nf6 3. Bf4 c5 4. e3 Qb6 5. Qc1 cxd4 6. exd4 Nc6 7. c3 Bf5 8.
Nbd2 e6 9. Be2 Be7 10. O-O Rc8 11. a4 O-O 12. Rd1 h6 13. Nf1 Kh7 14. Ne5 Nxe5
15. Bxe5 a5 16. Ne3 Nd7 17. Bg3 Bg6 18. Bd3 Bxd3 19. Rxd3 f5 20. f4 Nf6 21. Bh4
Bd6 22. Bxf6 Rxf6 23. g3 g5 24. Ng2 gxf4 25. Nxf4 Bxf4 26. gxf4 Rg8+ 27. Rg3
Rfg6 28. Kf2 Qd8 29. Qe3 Qh4 30. Kg2 Rg4 31. Rf1 Qf6 32. Rff3 h5 33. h3 R4g6
34. Rxg6 Rxg6+ 35. Rg3 h4 36. Rxg6 Qxg6+ 37. Kf1 Qf6 38. Qe2 Kh6 39. Qe5 Qxe5
40. dxe5 Kg6 41. Ke2 Kf7 42. Kd3 Ke7 43. Kd4 Kd7 44. Kc5 Kc7 45. b3 b6+ 46. Kd4
Kb7 47. c4 dxc4 48. Kxc4 Kc6 49. b4 axb4 50. Kxb4 Kc7 51. Kc4 1/2-1/2

[Event "Cto Aragón Ajedrez Equipos DH Gr I"]
[Site "Aragon"]
[Date "2015.02.28"]
[Round "6.11"]
[White "Lamas Mercadal, Manuel"]
[Black "Marin Tolosa, Guillermo"]
[Result "1-0"]
[WhiteElo "2127"]
[BlackElo "1994"]
[PlyCount "99"]
[EventDate "2015.01.24"]
[WhiteTeam "Delicias"]
[BlackTeam "Teruel"]

1. e4 c6 2. Nc3 d5 3. Nf3 dxe4 4. Nxe4 Bg4 5. h3 Bxf3 6. Qxf3 e6 7. c3 Nf6 8.
Nxf6+ Qxf6 9. Qxf6 gxf6 10. d4 Bd6 11. Be2 h5 12. Be3 Nd7 13. O-O-O O-O-O 14.
Kb1 f5 15. c4 f4 16. Bd2 c5 17. Bc3 f6 18. Rhe1 cxd4 19. Bxd4 Bb4 20. Rf1 b6
21. a3 Bc5 22. b4 Be7 23. Kb2 e5 24. Bc3 Nf8 25. Bd3 Kc7 26. Bf5 Nd7 27. Rd2
Nb8 28. Rfd1 Rxd2+ 29. Rxd2 Rd8 30. Rxd8 Kxd8 31. Kc2 Nc6 32. Kd3 a5 33. b5 Nd4
34. Bxd4 exd4 35. a4 Kc7 36. Ke4 Bd6 37. h4 Be5 38. Bg6 Kd6 39. Bxh5 Kc5 40.
Be2 Kb4 41. h5 Bd6 42. h6 Bf8 43. h7 Bg7 44. Kxd4 Kxa4 45. c5 f5+ 46. Kd5 bxc5
47. b6 c4 48. Bxc4 f3 49. gxf3 f4 50. b7 1-0

[Event "Cto Aragón Ajedrez Equipos DH Gr I"]
[Site "Aragon"]
[Date "2015.02.28"]
[Round "6.12"]
[White "Barcena Laguia, Francisco"]
[Black "Campo Millan, Diego"]
[Result "1/2-1/2"]
[WhiteElo "1921"]
[BlackElo "2057"]
[PlyCount "92"]
[EventDate "2015.01.24"]
[WhiteTeam "Teruel"]
[BlackTeam "Delicias"]

1. d4 Nf6 2. Nc3 d5 3. e4 Nxe4 4. Nxe4 dxe4 5. f3 e5 6. dxe5 Qxd1+ 7. Kxd1 exf3
8. Nxf3 Bg4 9. h3 Bh5 10. g4 Bg6 11. Bc4 Nc6 12. Rf1 O-O-O+ 13. Bd2 h5 14. Kc1
hxg4 15. hxg4 Be7 16. Bc3 Rh3 17. b3 Be4 18. Be2 Ba3+ 19. Bb2 Bc5 20. a3 Rg3
21. Bc3 Rg2 22. Bd1 Be3+ 23. Kb2 Rxd1 24. Raxd1 Rxc2+ 25. Ka1 Rxc3 26. e6 f6
27. g5 b6 28. gxf6 gxf6 29. Nd2 f5 30. Nxe4 fxe4 31. Rf8+ Kb7 32. Rd7 Ne5 33.
e7 Nxd7 34. e8=Q Nxf8 35. Qxe4+ Kb8 36. Qe8+ Kb7 37. Qxf8 Bd4 38. Ka2 c5 39.
Qd8 Rc2+ 40. Kb1 Rc3 41. Qd5+ Kb8 42. a4 a5 43. Qd8+ Kb7 44. Qe7+ Kc6 45. Qe6+
Kc7 46. Qe4 Re3 1/2-1/2

[Event "Cto Aragón Ajedrez Equipos DH Gr I"]
[Site "Aragon"]
[Date "2015.02.28"]
[Round "6.13"]
[White "Lana Rodriguez, David"]
[Black "Cebrian Valverde, Jose Antonio"]
[Result "1-0"]
[WhiteElo "2254"]
[BlackElo "2140"]
[PlyCount "77"]
[EventDate "2015.01.24"]
[WhiteTeam "Agrupacion"]
[BlackTeam "San Jose"]

1. e4 e6 2. d4 d5 3. Nc3 Bb4 4. Nge2 dxe4 5. a3 Bxc3+ 6. Nxc3 Nc6 7. Bb5 Nge7
8. Nxe4 Qd5 9. Qd3 f5 10. Ng3 Bd7 11. Be3 Qxg2 12. O-O-O O-O-O 13. Bg5 Rhe8 14.
Qe2 h6 15. Rhg1 Qd5 16. c4 Nxd4 17. Qe3 Qc5 18. Bxe7 Qxe7 19. Qxd4 c6 20. Ba4
e5 21. Qxa7 Qh4 22. Rxd7 Qxc4+ 23. Kb1 Rxd7 24. Qa8+ Kc7 25. Qxe8 Qxa4 26.
Qxe5+ Kc8 27. Qxf5 g6 28. Qxg6 Rd1+ 29. Rxd1 Qxd1+ 30. Ka2 Qd5+ 31. Ka1 Qg2 32.
Qe8+ Kc7 33. Qe5+ Kc8 34. Qf5+ Kb8 35. h4 Qg1+ 36. Ka2 Qc1 37. Qe5+ Ka8 38.
Qe8+ Ka7 39. Qe3+ 1-0

[Event "Cto Aragón Ajedrez Equipos DH Gr I"]
[Site "Aragon"]
[Date "2015.02.28"]
[Round "6.14"]
[White "Gutierrez Mingueza, Ruben"]
[Black "Ramon Perez, Jose Luis"]
[Result "0-1"]
[WhiteElo "2076"]
[BlackElo "2237"]
[PlyCount "46"]
[EventDate "2015.01.24"]
[WhiteTeam "San Jose"]
[BlackTeam "Agrupacion"]

1. d4 Nf6 2. Bg5 Ne4 3. Bh4 c5 4. f3 g5 5. fxe4 gxh4 6. e3 Nc6 7. c3 d5 8. exd5
Qxd5 9. Qf3 e6 10. Nd2 cxd4 11. Qxd5 exd5 12. exd4 Bg4 13. Ngf3 O-O-O 14. Bd3
h3 15. g3 Bh6 16. Kf2 f5 17. Rhe1 Rdf8 18. Kg1 f4 19. gxf4 Bxf4 20. Kh1 Bxd2
21. Nxd2 Rf2 22. Nf1 Bf3+ 23. Kg1 Rg2+ 0-1

[Event "Cto Aragón Ajedrez Equipos DH Gr I"]
[Site "Aragon"]
[Date "2015.02.28"]
[Round "6.15"]
[White "Remiro Juste, Fernando Jose"]
[Black "Palomar Ramon, Santiago"]
[Result "1-0"]
[WhiteElo "2232"]
[BlackElo "1949"]
[PlyCount "85"]
[EventDate "2015.01.24"]
[WhiteTeam "Agrupacion"]
[BlackTeam "San Jose"]

1. d4 e6 2. Nf3 d5 3. e3 Nf6 4. Bd3 b6 5. Nbd2 Bb7 6. Ne5 Be7 7. O-O Nbd7 8. f4
O-O 9. Rf3 Ne4 10. Rh3 f5 11. Ndf3 Nxe5 12. Nxe5 Qe8 13. Bd2 Bd6 14. g4 Bxe5
15. dxe5 d4 16. Bxe4 Bxe4 17. exd4 Rd8 18. g5 g6 19. Be3 Qb5 20. b3 Ba8 21. Rg3
Qd5 22. Kf2 c5 23. c3 b5 24. Qe2 b4 25. c4 Qe4 26. d5 exd5 27. Bxc5 Qxf4+ 28.
Kg1 Rfe8 29. e6 Rc8 30. e7 Qe4 31. Qxe4 dxe4 32. Bd6 Kf7 33. Bxb4 h5 34. gxh6
Rh8 35. Rh3 Rh7 36. Rd1 Rch8 37. Rd8 Bc6 38. Rxh8 Rxh8 39. h7 g5 40. Bc3 g4 41.
Bxh8 gxh3 42. Bd4 e3 43. h8=Q 1-0

[Event "Cto Aragón Ajedrez Equipos DH Gr I"]
[Site "Aragon"]
[Date "2015.02.28"]
[Round "6.16"]
[White "Rubio Tello, Abel"]
[Black "Mimbela Lopez, Miguel A"]
[Result "0-1"]
[WhiteElo "1860"]
[BlackElo "2148"]
[PlyCount "94"]
[EventDate "2015.01.24"]
[WhiteTeam "San Jose"]
[BlackTeam "Agrupacion"]

1. d4 e6 2. Nf3 f5 3. Bg5 Nf6 4. Nbd2 d5 5. g3 Bd6 6. Ne5 O-O 7. Bg2 c5 8. c3
cxd4 9. cxd4 Qb6 10. Nb3 Bxe5 11. dxe5 Ng4 12. O-O Nc6 13. Rc1 Ngxe5 14. Be3
Qd8 15. Nd4 Bd7 16. Nxc6 Bxc6 17. Qd4 Nc4 18. Rxc4 dxc4 19. Qxc4 Bd5 20. Bxd5
Qxd5 21. Qa4 Rf7 22. Rd1 Qc6 23. Qd4 b6 24. Qe5 Re8 25. h4 Rd7 26. Rxd7 Qxd7
27. Bd4 Re7 28. h5 Qc7 29. Qe3 h6 30. Be5 Qc5 31. Qf4 Qd5 32. Bc3 Qd1+ 33. Kg2
Qxe2 34. Qb8+ Kh7 35. Qf8 Qe4+ 36. Kh2 Qb7 37. a3 Rf7 38. Qd6 Qe7 39. Qe5 Qc5
40. Qf4 Qd5 41. Qb8 f4 42. gxf4 Qxh5+ 43. Kg3 Qg6+ 44. Kh3 Rd7 45. f3 Rd1 46.
Kh2 Rg1 47. Qe5 Qg3# 0-1

[Event "Cto Aragón Equipos DH Gr II"]
[Site "Aragon"]
[Date "2015.02.28"]
[Round "6.17"]
[White "Gavin Roche, Enrique"]
[Black "Hefty, Jorge W"]
[Result "0-1"]
[WhiteElo "2264"]
[BlackElo "2325"]
[PlyCount "50"]
[EventDate "2015.01.24"]
[WhiteTeam "ONCE Aragon"]
[BlackTeam "Ibercaja"]

1. d4 Nf6 2. c4 e6 3. Nc3 Bb4 4. Qb3 c5 5. dxc5 Nc6 6. Nf3 Ne4 7. Bd2 Nxd2 8.
Nxd2 Bxc5 9. e3 b6 10. Be2 O-O 11. O-O f5 12. a3 Bb7 13. Qc2 f4 14. exf4 Rxf4
15. Nde4 Nd4 16. Qd3 Qh4 17. Nxc5 bxc5 18. f3 Raf8 19. Rf2 Bc6 20. Raf1 a5 21.
Bd1 Qg5 22. Kh1 Rh4 23. g3 Qxg3 24. Rg2 Nxf3 25. Ne4 Rxh2+ 0-1

[Event "Cto Aragón Equipos DH Gr II"]
[Site "Aragon"]
[Date "2015.02.28"]
[Round "6.18"]
[White "Aguirre Izaguirre, Pedro Jose"]
[Black "Laliena Solanes, Luis"]
[Result "1/2-1/2"]
[WhiteElo "2182"]
[BlackElo "2150"]
[PlyCount "69"]
[EventDate "2015.01.24"]
[WhiteTeam "Ibercaja"]
[BlackTeam "ONCE Aragon"]

1. c4 e5 2. Nc3 Nf6 3. g3 Nc6 4. Bg2 Bc5 5. e3 d5 6. cxd5 Nb4 7. d4 exd4 8.
exd4 Be7 9. a3 Nbxd5 10. Nge2 c6 11. O-O Be6 12. h3 Qd7 13. Kh2 Bd6 14. Nxd5
Nxd5 15. Nc3 Nxc3 16. bxc3 O-O 17. Re1 Rfe8 18. Be3 Bd5 19. Qd3 b5 20. a4 Bc4
21. Qc2 Rab8 22. d5 cxd5 23. axb5 Qxb5 24. Bxa7 Ra8 25. Bd4 Bc5 26. Rxa8 Rxa8
27. Qf5 Bxd4 28. cxd4 Qc6 29. Re7 Qf6 30. Qxf6 gxf6 31. Bf3 Ra2 32. Kg2 Rd2 33.
Bh5 Bd3 34. Bf3 Bc4 35. Bh5 1/2-1/2

[Event "Cto Aragón Equipos DH Gr II"]
[Site "Aragon"]
[Date "2015.02.28"]
[Round "6.19"]
[White "Ferrer Echavarri, Fco Javier"]
[Black "Jimenez Fernandez, Alejandro"]
[Result "1/2-1/2"]
[WhiteElo "1953"]
[BlackElo "2007"]
[PlyCount "83"]
[EventDate "2015.01.24"]
[WhiteTeam "ONCE Aragon"]
[BlackTeam "Ibercaja"]

1. d4 f5 2. g3 Nf6 3. Bg2 e6 4. c4 c6 5. Nf3 d5 6. O-O Bd6 7. b3 Qe7 8. Bb2 O-O
9. Qc1 b6 10. Ba3 Bxa3 11. Qxa3 Qxa3 12. Nxa3 Ba6 13. Ne5 Nfd7 14. Rac1 Nxe5
15. dxe5 Nd7 16. f4 Rfc8 17. Rc2 b5 18. cxd5 cxd5 19. Rfc1 Nb6 20. Kf2 Rxc2 21.
Rxc2 b4 22. Nb1 Rd8 23. Nd2 Kf7 24. Rc7+ Rd7 25. Rxd7+ Nxd7 26. Nf3 h6 27. Nd4
Nb8 28. Bf1 Ke7 29. e3 Bxf1 30. Kxf1 Kd7 31. Ke2 Nc6 32. Nb5 a6 33. Nd6 Na7 34.
Kd3 Nb5 35. Nxb5 axb5 36. Kd4 Kc6 37. h3 h5 38. h4 Kb6 39. Kd3 Kc5 40. Ke2 d4
41. Kd3 dxe3 42. Kxe3 1/2-1/2

[Event "Cto Aragón Equipos DH Gr II"]
[Site "Aragon"]
[Date "2015.02.28"]
[Round "6.20"]
[White "Castillo Sanjuan, Daniel"]
[Black "Soriano Gracia, Manuel"]
[Result "1-0"]
[WhiteElo "1998"]
[BlackElo "1829"]
[PlyCount "53"]
[EventDate "2015.01.24"]
[WhiteTeam "Ibercaja"]
[BlackTeam "ONCE Aragon"]

1. e4 e5 2. Nf3 Nc6 3. d4 exd4 4. Nxd4 Bc5 5. Be3 Qf6 6. c3 Nge7 7. Bc4 Ne5 8.
Be2 d6 9. O-O a6 10. Nd2 N7g6 11. f4 Nc6 12. Nc4 Bd7 13. b4 Ba7 14. e5 dxe5 15.
fxe5 Qe7 16. e6 fxe6 17. Kh1 Nce5 18. Qd2 h6 19. Nxe5 Nxe5 20. Bh5+ g6 21. Bf4
gxh5 22. Bxe5 Rf8 23. Bxc7 Bxd4 24. Rxf8+ Qxf8 25. Qxd4 Rc8 26. Bd6 Qf5 27. Qg7
1-0

[Event "Cto Aragón Equipos DH Gr II"]
[Site "Aragon"]
[Date "2015.02.28"]
[Round "6.21"]
[White "Donoso Sanchez, Alejandro"]
[Black "Gil Capape, Marco Antonio"]
[Result "1/2-1/2"]
[WhiteElo "2218"]
[BlackElo "2073"]
[PlyCount "124"]
[EventDate "2015.01.24"]
[WhiteTeam "CMU Cerbuna"]
[BlackTeam "Caissa"]

1. e4 e6 2. d4 d5 3. Nd2 Nf6 4. e5 Nfd7 5. Bd3 c5 6. c3 Nc6 7. Ne2 Qb6 8. Nf3
cxd4 9. cxd4 f6 10. exf6 Nxf6 11. O-O Bd6 12. Bf4 Bxf4 13. Nxf4 O-O 14. Re1
Qxb2 15. Re2 Qb6 16. Nxe6 Bxe6 17. Rxe6 Rae8 18. Rxe8 Rxe8 19. Rb1 Qc7 20. Qb3
Re7 21. g3 Qd6 22. Kg2 g6 23. Bb5 Nd8 24. Rc1 a6 25. Bd3 Nc6 26. Qa4 Qb4 27.
Qxb4 Nxb4 28. Bb1 Nc6 29. Bd3 Re6 30. a3 Kg7 31. Rc5 Rd6 32. Ne5 Nd7 33. Nxd7
Rxd7 34. Bxa6 Nxd4 35. Bd3 Kf6 36. f4 Ke6 37. Kf2 Kd6 38. Rc1 Re7 39. Rc3 Nc6
40. Rc1 d4 41. Re1 Rxe1 42. Kxe1 Kc5 43. Kd2 b5 44. h4 Ne7 45. g4 Nd5 46. f5
gxf5 47. Bxf5 h6 48. g5 hxg5 49. hxg5 Ne3 50. Be6 Kd6 51. Bf7 Ke5 52. Kd3 Nf5
53. g6 Ng7 54. Bg8 Nh5 55. Bf7 Nf4+ 56. Kd2 Kf6 57. Be8 Nxg6 58. Bxg6 Kxg6 59.
Kd3 Kf6 60. Kxd4 Ke6 61. Kc5 Kd7 62. Kxb5 Kc8 1/2-1/2

[Event "Cto Aragón Equipos DH Gr II"]
[Site "Aragon"]
[Date "2015.02.28"]
[Round "6.22"]
[White "Alonso Fdez-Revuelta, Rodrigo"]
[Black "Gella Bitrian, Diego"]
[Result "0-1"]
[WhiteElo "2024"]
[BlackElo "2033"]
[PlyCount "56"]
[EventDate "2015.01.24"]
[WhiteTeam "Caissa"]
[BlackTeam "CMU Cerbuna"]

1. e4 c5 2. Nf3 e6 3. d3 d5 4. Nbd2 Nc6 5. g3 Nf6 6. Bg2 Be7 7. O-O O-O 8. Re1
Qc7 9. c3 dxe4 10. dxe4 e5 11. Qc2 h6 12. Nf1 Rd8 13. h3 Be6 14. g4 Nd7 15. Ng3
c4 16. Be3 Bc5 17. Rad1 Bxe3 18. Rxe3 Nc5 19. Rxd8+ Rxd8 20. Bf1 b5 21. Re2 Ne7
22. Rd2 Ng6 23. Rxd8+ Qxd8 24. Nf5 f6 25. Nd2 Nf4 26. b3 Ncd3 27. bxc4 bxc4 28.
Ne3 Ne1 0-1

[Event "Cto Aragón Equipos DH Gr II"]
[Site "Aragon"]
[Date "2015.02.28"]
[Round "6.23"]
[White "Sacristan Latorre, Alberto"]
[Black "Carraminana Lopez, Luis Antoni"]
[Result "1/2-1/2"]
[WhiteElo "2021"]
[BlackElo "1968"]
[PlyCount "110"]
[EventDate "2015.01.24"]
[WhiteTeam "CMU Cerbuna"]
[BlackTeam "Caissa"]

1. Nf3 d5 2. g3 Nf6 3. Bg2 c6 4. O-O Nbd7 5. d3 e5 6. e4 dxe4 7. dxe4 Be7 8.
Nbd2 O-O 9. b3 Re8 10. Bb2 Bf8 11. Qe2 b6 12. Rfd1 Qc7 13. Rac1 b5 14. c4 b4
15. Ne1 Nc5 16. Nd3 Nfd7 17. Nxb4 Nxb3 18. Nxb3 Bxb4 19. c5 Nf6 20. a3 Ba5 21.
Rd6 Bg4 22. Qa6 Qb8 23. Qxa5 Qxb3 24. Qc3 Rab8 25. Ba1 Qb7 26. f3 Bd7 27. Bf1
Re7 28. Rcd1 Ne8 29. R6d2 Be6 30. Bc4 Bxc4 31. Qxc4 Qb3 32. Qxb3 Rxb3 33. Rd3
Rb5 34. Rc1 f6 35. Kf2 Kf7 36. Rc4 Ke6 37. Rd8 Rb3 38. Ra4 Rb5 39. Rc4 Kf7 40.
Bc3 Rb3 41. Bb4 a5 42. Bxa5 Rxa3 43. Bd2 Rb7 44. Rc3 Rxc3 45. Bxc3 Ke7 46. Ra8
Nc7 47. Rc8 Kd7 48. Rg8 Ne8 49. Ba5 Rb2+ 50. Kg1 Ke7 51. h4 Kf7 52. Rh8 h6 53.
h5 Ra2 54. Bb6 Rd2 55. g4 Ra2 1/2-1/2

[Event "Cto Aragón Equipos DH Gr II"]
[Site "Aragon"]
[Date "2015.02.28"]
[Round "6.24"]
[White "Garcia Lopez, Alberto Jose"]
[Black "Colom Sienes, Eduardo"]
[Result "0-1"]
[WhiteElo "1937"]
[BlackElo "2005"]
[PlyCount "54"]
[EventDate "2015.01.24"]
[WhiteTeam "Caissa"]
[BlackTeam "CMU Cerbuna"]

1. g3 Nf6 2. Bg2 g6 3. e4 Bg7 4. d4 d6 5. c4 O-O 6. Nc3 c5 7. d5 e6 8. Nf3 exd5
9. cxd5 b5 10. Nd2 b4 11. Ne2 Nbd7 12. O-O Ne5 13. f4 Nd3 14. Nc4 Nxc1 15. Rxc1
Rb8 16. e5 dxe5 17. Nxe5 Ba6 18. Nc6 Qe8 19. Bf3 Qe3+ 20. Kg2 Rbe8 21. Ne5 Bxe2
22. Qxe2 Qxe2+ 23. Bxe2 Nxd5 24. Kf3 Bxe5 25. fxe5 Rxe5 26. Rxc5 Rfe8 27. Bc4
Rf5+ 0-1

[Event "Cto Aragón Equipos DH Gr II"]
[Site "Aragon"]
[Date "2015.02.28"]
[Round "6.25"]
[White "Guzman Moneo, Alberto"]
[Black "Adla, Diego"]
[Result "0-1"]
[WhiteElo "2216"]
[BlackElo "2469"]
[PlyCount "168"]
[EventDate "2015.01.24"]
[WhiteTeam "Helios"]
[BlackTeam "St. Casablanca"]

1. e4 e6 2. d4 d5 3. Nc3 Nf6 4. Bg5 Bb4 5. e5 h6 6. Bc1 Nfd7 7. a3 Bxc3+ 8.
bxc3 c5 9. Qg4 Kf8 10. h4 Qa5 11. Bd2 Qa4 12. Rh3 Nxe5 13. Qf4 Ng6 14. Qd6+ Ne7
15. Qxc5 b6 16. Qd6 Ba6 17. Rf3 Qc6 18. Qf4 f6 19. Bd3 h5 20. Kf1 Kf7 21. Re1
Nf5 22. Ne2 Bxd3 23. cxd3 Nd7 24. Ng3 Ne7 25. Ne2 Rae8 26. Kg1 Nf8 27. Qh2 Nfg6
28. Ng3 Qd6 29. Qh3 Nc6 30. Bc1 Qd7 31. Nf1 Qc8 32. Rfe3 e5 33. Qf3 Qd7 34.
dxe5 Ncxe5 35. Qg3 Qg4 36. Qxg4 hxg4 37. d4 Nc4 38. Rxe8 Rxe8 39. Rxe8 Kxe8 40.
h5 Ne7 41. Nh2 f5 42. f3 gxf3 43. Nxf3 Kd7 44. a4 Ng8 45. Bg5 Ke6 46. Kf2 Nb2
47. Ke2 Nxa4 48. Kd3 Nb2+ 49. Kc2 Nc4 50. Kb3 Nf6 51. h6 gxh6 52. Bxh6 Ne4 53.
Bf4 a5 54. Ne1 Kd7 55. Nd3 Kc6 56. Bc1 Kb5 57. Nf4 Kc6 58. Ng6 Kd7 59. Nf4 Kd6
60. Nh5 Kc6 61. Ng7 Ncd6 62. Bf4 Kb5 63. Bc1 a4+ 64. Kc2 Kc4 65. Bf4 Nb5 66.
Nxf5 Nexc3 67. g4 Ne2 68. Be5 Nexd4+ 69. Kb2 a3+ 70. Ka2 Nc6 71. Nd6+ Kb4 72.
Nxb5 Nxe5 73. Nc7 d4 74. g5 d3 75. Nd5+ Kc5 76. Ne3 d2 77. Nd1 Kb4 78. Nf2 b5
79. Nd1 Ng6 80. Ne3 Nf4 81. Nd1 Nd5 82. g6 Nc3+ 83. Nxc3 Kxc3 84. g7 d1=Q 0-1

[Event "Cto Aragón Equipos DH Gr II"]
[Site "Aragon"]
[Date "2015.02.28"]
[Round "6.26"]
[White "Glavina, Pablo"]
[Black "Cerrajeria Ruiz, Jesus Maria"]
[Result "1/2-1/2"]
[WhiteElo "2418"]
[BlackElo "2163"]
[PlyCount "208"]
[EventDate "2015.01.24"]
[WhiteTeam "St. Casablanca"]
[BlackTeam "Helios"]

1. e4 c5 2. c3 Nf6 3. e5 Nd5 4. d4 d6 5. Nf3 Nc6 6. Bc4 dxe5 7. dxe5 e6 8. O-O
Be7 9. Qe2 a6 10. a4 Na5 11. Ba2 Bd7 12. Nbd2 Nf4 13. Qe3 Nd5 14. Qe1 Bc6 15.
Ne4 h6 16. b3 b5 17. Ba3 b4 18. cxb4 Nxb4 19. Bxb4 cxb4 20. Qe3 O-O 21. Rfd1
Bd5 22. Rd3 Rc8 23. Rad1 Qc7 24. Bb1 Rfd8 25. Re1 Nb7 26. Rd4 Bxe4 27. Qxe4 g6
28. Rc4 Qd7 29. Rd4 Qc7 30. h4 Nc5 31. Qe3 Rxd4 32. Nxd4 h5 33. g4 hxg4 34. h5
Kg7 35. hxg6 fxg6 36. Qe2 Bg5 37. Qxg4 Qe7 38. f4 Bh4 39. Re2 Rh8 40. f5 Qg5
41. Qxg5 Bxg5 42. fxg6 Rd8 43. Nf3 Rd1+ 44. Re1 Rxe1+ 45. Nxe1 Bd2 46. Nf3 Nxb3
47. Ba2 Be3+ 48. Kf1 Nc5 49. Ke2 Bc1 50. Kd1 Be3 51. Ke2 Bh6 52. Nd4 Nxa4 53.
Nxe6+ Kxg6 54. Bb3 Nc3+ 55. Kd3 a5 56. Nc5 Bf8 57. Na4 Nb1 58. e6 Kf6 59. Nb6
Bd6 60. Nd5+ Ke5 61. e7 Bxe7 62. Nxe7 Kd6 63. Nf5+ Ke5 64. Nd4 Nc3 65. Bf7 a4
66. Ne6 Kd6 67. Kc4 Nd5 68. Nd4 Ne3+ 69. Kxb4 a3 70. Kxa3 Kc5 71. Nf3 Nc4+ 72.
Kb3 Nd6 73. Bg6 Kd5 74. Kc3 Ne4+ 75. Kd3 Nc5+ 76. Ke3 Ne6 77. Bf7 Kd6 78. Ke4
Nc5+ 79. Kf5 Ke7 80. Bc4 Kd6 81. Ng5 Nd7 82. Ne4+ Kc6 83. Bf7 Nc5 84. Nf6 Kd6
85. Be8 Nd3 86. Bb5 Nc5 87. Be2 Nd7 88. Ng4 Nc5 89. Bc4 Nd7 90. Ba2 Kc5 91. Ke6
Nf8+ 92. Kf7 Nd7 93. Ke7 Nb6 94. Ke6 Nc4 95. Nh6 Kd4 96. Nf5+ Kc5 97. Bb3 Nd2
98. Bd5 Nc4 99. Ne7 Ne3 100. Bf3 Nc2 101. Ke5 Nd4 102. Be4 Kc4 103. Nd5 Nc6+
104. Kd6 Kd4 1/2-1/2

[Event "Cto Aragón Equipos DH Gr II"]
[Site "Aragon"]
[Date "2015.02.28"]
[Round "6.27"]
[White "Navarro Alonso, Jorge"]
[Black "Quintin Navarro, Alberto"]
[Result "0-1"]
[WhiteElo "2145"]
[BlackElo "2331"]
[PlyCount "60"]
[EventDate "2015.01.24"]
[WhiteTeam "Helios"]
[BlackTeam "St. Casablanca"]

1. e4 e6 2. d4 d5 3. Nc3 Nf6 4. e5 Nfd7 5. Nf3 c5 6. dxc5 Nc6 7. Bf4 Nxc5 8.
Bd3 Be7 9. Qd2 a6 10. O-O-O b5 11. Kb1 O-O 12. h4 b4 13. Ne2 a5 14. Ned4 Nxd4
15. Nxd4 Qb6 16. Rh3 Ba6 17. Bxa6 Rxa6 18. Bg5 Ne4 19. Qe2 Bc5 20. f3 Nc3+ 21.
bxc3 bxc3+ 22. Nb5 a4 23. Ka1 Rb8 24. Rb1 Qa5 25. Rhh1 Rab6 26. Be3 Bxe3 27.
Qxe3 Rxb5 28. Rxb5 Rxb5 29. a3 Rb2 30. Qd3 Qc5 0-1

[Event "Cto Aragón Equipos DH Gr II"]
[Site "Aragon"]
[Date "2015.02.28"]
[Round "6.28"]
[White "Lopez Gracia, Fernando"]
[Black "Montes Santos, Lorenzo"]
[Result "1-0"]
[WhiteElo "2327"]
[BlackElo "2064"]
[PlyCount "39"]
[EventDate "2015.01.24"]
[WhiteTeam "St. Casablanca"]
[BlackTeam "Helios"]

1. d4 Nf6 2. Nc3 d5 3. Bg5 Bf5 4. f3 Nbd7 5. Qd2 c6 6. O-O-O h6 7. Bh4 g5 8.
Bf2 e6 9. g4 Bg6 10. h4 Rg8 11. hxg5 hxg5 12. Nh3 Qa5 13. Kb1 b5 14. Nxd5 Qd8
15. Nxf6+ Qxf6 16. Be3 Bh6 17. Bxg5 Bxg5 18. Nxg5 Bxc2+ 19. Qxc2 Qxg5 20. Qxc6
1-0

[Event "Cto Aragón Equipos DH Gr II"]
[Site "Aragon"]
[Date "2015.02.28"]
[Round "6.29"]
[White "Del Rey, Diego"]
[Black "Sierra Aguerri, Joaquin"]
[Result "1-0"]
[WhiteElo "2390"]
[BlackElo "2053"]
[PlyCount "77"]
[EventDate "2015.01.24"]
[WhiteTeam "El Olivar"]
[BlackTeam "Tauste"]

1. e4 d5 2. exd5 Qxd5 3. Nc3 Qa5 4. Bc4 Nf6 5. d3 c6 6. Bd2 Bf5 7. Qe2 e6 8. h3
h5 9. Nf3 Nbd7 10. Nb5 Qb6 11. Nbd4 Bg6 12. O-O c5 13. Nb3 Bd6 14. Nh4 Bh7 15.
f4 O-O 16. Nf3 Qc7 17. Ng5 Bf5 18. Ne4 Be7 19. Bc3 h4 20. Nxf6+ Nxf6 21. a4 Nd5
22. Be5 Bd6 23. Bxd6 Qxd6 24. Qf2 Nb6 25. Nd2 Qd4 26. Qxd4 cxd4 27. Bb3 Rfd8
28. Nf3 Nd7 29. a5 b5 30. axb6 Nxb6 31. Ra5 Kf8 32. Nxh4 Bh7 33. f5 Ke7 34.
fxe6 fxe6 35. Rg5 Rg8 36. Re1 Kf6 37. Rh5 g5 38. Rxe6+ Kg7 39. Re7+ 1-0

[Event "Cto Aragón Equipos DH Gr II"]
[Site "Aragon"]
[Date "2015.02.28"]
[Round "6.30"]
[White "Bogomilov Georgiev, Georgi Ii"]
[Black "Chueca Forcen, Alberto"]
[Result "0-1"]
[WhiteElo "2015"]
[BlackElo "2305"]
[PlyCount "78"]
[EventDate "2015.01.24"]
[WhiteTeam "Tauste"]
[BlackTeam "El Olivar"]

1. d4 d5 2. Nf3 e6 3. e3 f5 4. Bd3 Nf6 5. O-O Bd6 6. b3 Qe7 7. Bb2 O-O 8. Nbd2
Bd7 9. c4 c6 10. c5 Bc7 11. b4 Be8 12. a4 Bh5 13. Qc2 Bxf3 14. Nxf3 Nbd7 15.
Ne5 Nxe5 16. dxe5 Ng4 17. h3 Nxe5 18. Bxe5 Bxe5 19. Rab1 Rac8 20. Rb3 g5 21.
Qe2 Bb8 22. Qh5 e5 23. b5 e4 24. Be2 cxb5 25. Rxb5 Be5 26. Rfb1 Rc7 27. a5 Qg7
28. a6 bxa6 29. Ra5 d4 30. exd4 Bxd4 31. h4 gxh4 32. Qxh4 Kh8 33. Rd1 Rg8 34.
g3 Bxc5 35. Qf4 Qxg3+ 36. Qxg3 Rxg3+ 37. Kh2 Rg6 38. Rd5 Bd6+ 39. Kh3 Rh6+ 0-1

[Event "Cto Aragón Equipos DH Gr II"]
[Site "Aragon"]
[Date "2015.02.28"]
[Round "6.31"]
[White "Hernando Garcia, Antonio"]
[Black "Sancho Casale, Jesus"]
[Result "1-0"]
[WhiteElo "2176"]
[BlackElo "1980"]
[PlyCount "57"]
[EventDate "2015.01.24"]
[WhiteTeam "El Olivar"]
[BlackTeam "Tauste"]

1. c4 g6 2. Nf3 Bg7 3. g3 Nf6 4. Nc3 O-O 5. Bg2 d6 6. O-O a6 7. Rb1 e5 8. b4 h6
9. d3 Nh5 10. a4 f5 11. Qb3 c6 12. Ba3 Be6 13. b5 axb5 14. axb5 Rf7 15. Nd2 g5
16. Ra1 Nf6 17. Bb2 Rxa1 18. Rxa1 d5 19. bxc6 bxc6 20. Ra8 Rf8 21. cxd5 Nxd5
22. Nxd5 Bxd5 23. Bxd5+ cxd5 24. Qb7 Re8 25. Ra7 Qf6 26. Qxd5+ Kh8 27. Nc4 Qc6
28. Qf7 Rg8 29. Bxe5 1-0

[Event "Cto Aragón Equipos Pref Gr I"]
[Site "Aragon"]
[Date "2015.02.28"]
[Round "6.33"]
[White "Soriano Ascaso, Ignacio"]
[Black "Lopez Caudevilla, David"]
[Result "1-0"]
[WhiteElo "2140"]
[BlackElo "1978"]
[PlyCount "49"]
[EventDate "2015.01.24"]
[WhiteTeam "Sabiñanigo"]
[BlackTeam "Actur Rey Fernando"]

1. e4 g6 2. d4 Bg7 3. Nc3 d6 4. Bg5 a6 5. f4 b5 6. Nf3 Bb7 7. Bd3 c5 8. dxc5
dxc5 9. e5 f6 10. Bh4 fxe5 11. Ng5 Qb6 12. Qg4 Nf6 13. Qe6 Qxe6 14. Nxe6 Kf7
15. Ng5+ Kg8 16. fxe5 Ng4 17. O-O-O Nc6 18. Be4 Na5 19. Nd5 Re8 20. Rhf1 Bh6
21. Kb1 Nc6 22. Nc7 Bxg5 23. Bxg5 Rb8 24. Bd5+ Kg7 25. Rf7+ 1-0

[Event "Cto Aragón Equipos Pref Gr I"]
[Site "Aragon"]
[Date "2015.02.28"]
[Round "6.34"]
[White "Aviol Perez, Jose Mariano"]
[Black "Avellanas Tomas, Jose"]
[Result "0-1"]
[WhiteElo "1906"]
[BlackElo "1930"]
[PlyCount "105"]
[EventDate "2015.01.24"]
[WhiteTeam "Actur Rey Fernando"]
[BlackTeam "Sabiñanigo"]

1. d4 d5 2. Nf3 e6 3. c4 c6 4. Nc3 f5 5. g3 Bd6 6. b3 Nf6 7. Bg2 Ne4 8. Bb2 Bb4
9. Qc2 Qa5 10. Rc1 Qxa2 11. O-O Qa5 12. Ra1 Qd8 13. e3 O-O 14. Ne2 Bd6 15. Nf4
g5 16. Nd3 Nd7 17. Nfe5 Bxe5 18. dxe5 g4 19. Nf4 Qe8 20. Rfd1 dxc4 21. Bxe4
cxb3 22. Qxb3 Nc5 23. Qc2 Nxe4 24. h4 c5 25. Rd6 b5 26. Rad1 c4 27. R1d4 Nxd6
28. exd6 e5 29. Rd5 Qc6 30. Qc3 b4 31. Qxb4 c3 32. Bxc3 Bb7 33. d7 Rad8 34. Qb3
Rf7 35. Bxe5 Rdxd7 36. e4 fxe4 37. Rxd7 Qxd7 38. Bb2 e3 39. fxe3 Qd2 40. Qc3
Qd1+ 41. Kf2 Qf3+ 42. Ke1 Qxg3+ 43. Kd2 Qf2+ 44. Kc1 Qf1+ 45. Kc2 Be4+ 46. Kb3
Rb7+ 47. Ka2 Bb1+ 48. Ka1 Bd3+ 49. Bc1 Rb1+ 50. Ka2 Rxc1 51. Qxd3 Ra1+ 52. Kb3
Qxd3+ 53. Nxd3 0-1